000 00283nam a22001337a 4500
020 _a0-439-49307-2
082 _a823
_bDAN/A
100 _aDANZIGER, PAULA
245 _aAMBER BROWN
260 _aNEW YORK
_bSCHOLASTIC
300 _a440
650 _aNOVEL
_zUNITED STATES
942 _cBK
999 _c3007
_d3007